| 000 | 00580nam a22001577a 4500 | ||
|---|---|---|---|
| 008 | 160507b xxu||||| |||| 00| 0 eng d | ||
| 082 |
_22012 _aUT 0394 _bAc41 |
||
| 100 |
_97831 _aAchacoso, Cherrymay M. |
||
| 245 |
_aIt's showtime expressions; its real maxin _cCherrymay M. Achacoso, Luster Hannah L. Colita and Patricia S. Peredes. |
||
| 260 |
_aDigos City: _bUMDC _cNovember 2012 |
||
| 300 |
_a58 pages; _c29 cm. |
||
| 650 | 0 |
_97830 _aEducation _vEnglish _xUndergraduate thesis. |
|
| 700 |
_97828 _aColita, Luster Hannah L. |
||
| 700 |
_97829 _aPeredes, Patricia S. |
||
| 942 |
_2ddc _cUT |
||
| 999 |
_c2385 _d2385 |
||